Finite element modeling for stress analysis (Record no. 15417)

MARC details
000 -LEADER
fixed length control field 00604nam a2200181Ia 4500
003 - CONTROL NUMBER IDENTIFIER
control field IN-BaIIA
008 - FIXED-LENGTH DATA ELEMENTS--GENERAL INFORMATION
fixed length control field 211028s9999 xx 000 0 eng d
020 ## - INTERNATIONAL STANDARD BOOK NUMBER
International Standard Book Number 0-471-10774-3
040 ## - CATALOGING SOURCE
Transcribing agency IIA Library
080 ## - UNIVERSAL DECIMAL CLASSIFICATION NUMBER
Universal Decimal Classification number 621.01
Item number COO
100 ## - MAIN ENTRY--PERSONAL NAME
Personal name Cook, R. D.
9 (RLIN) 27615
245 #0 - TITLE STATEMENT
Title Finite element modeling for stress analysis
Statement of responsibility, etc. R. D. Cook
260 ## - PUBLICATION, DISTRIBUTION, ETC.
Place of publication, distribution, etc. New York
Name of publisher, distributor, etc. John Wiley & Sons
Date of publication, distribution, etc. 1995
300 ## - PHYSICAL DESCRIPTION
Extent xi; 320p.
650 ## - SUBJECT ADDED ENTRY--TOPICAL TERM
Topical term or geographic name entry element Finite Element Method - Data Processing
9 (RLIN) 28471
650 ## - SUBJECT ADDED ENTRY--TOPICAL TERM
Topical term or geographic name entry element Structural Analysis (Engineering) - Data Processing
9 (RLIN) 28472
942 ## - ADDED ENTRY ELEMENTS (KOHA)
Koha item type Books
Holdings
Withdrawn status Lost status Damaged status Not for loan Home library Current library Shelving location Date acquired Source of acquisition Cost, normal purchase price Total Checkouts Full call number Barcode Date last seen Cost, replacement price Price effective from Koha item type Purchase Price
        IIA Library-Bangalore IIA Library-Hosakote General Stacks 11/09/2003 INT 1257.20   621.01/ COO 16339 05/11/2021 1257.20 11/09/2003 Books Rs. 1257.20

Powered by Koha